000 00482nam a2200217 454500
001 083280
003 BD-ChCU
008 Eng
020 _ax
040 _aDLC
_cDLC
_dBD-ChCU
082 0 0 _a181.4/NAM
100 1 _aNaravane,V.S.
_bx
245 1 0 _aModern indian thought
_bA philosophical
250 _ax
260 _aBombay,
_bAsia
_c1967
300 _axiii,310p.
504 _a
650 0 _aPhilosophy-India.
_bPhilosophy-India
700 1 _ax
942 _2ddc
_cBK
999 _c83280
_d83280